| 000 | 00515cam a2200217ua 4500 | ||
|---|---|---|---|
| 020 | _c475.00 | ||
| 041 |
_aeng _h |
||
| 082 |
_a627.02 _bGUP/IN |
||
| 100 | _aGupta, N L . | ||
| 245 |
_aIntegrated water use management / _cN L Gupta. _hTextual Documents |
||
| 250 |
_a1 / _b. |
||
| 260 |
_aNew Delhi : _bRawat Publications. |
||
| 300 | _a382 ; . | ||
| 365 | _a475.00 | ||
| 500 | _a* CSS | ||
| 504 | _a | ||
| 700 | 1 | _aGurjar, R K . | |
| 942 | _cBK | ||
| 999 |
_c10831 _d10831 |
||